| 000 | 00695nam a2200205 a 4500 | ||
|---|---|---|---|
| 001 | 3156 | ||
| 003 | CDMR | ||
| 005 | 20131018172312.0 | ||
| 008 | 130130s1971||||||||||||||||||||||||||||d | ||
| 040 |
_aCDMR _bcat _cCPC GIRONA |
||
| 100 | 1 |
_aGonzález Páramo, José Manuel _92299 |
|
| 245 | 1 | 0 |
_aPolítica de prensa _b: dialéctica de la empresa periodística _cJosé Manuel González Páramo ; prólogo de Alberto Martín-Artajo |
| 260 |
_c1972 _bGrijalbo _aBarcelona |
||
| 300 | _a250 p. | ||
| 490 | 0 |
_aNuevo Norte _v5 |
|
| 650 | 0 | 4 |
_9311 _aEmpreses periodístiques _zEspanya |
| 650 | 0 | 4 |
_92737 _aPremsa _xDret i legislació |
| 650 | 0 | 4 |
_93728 _aPremsa _xPolítica governamental _yS. XX |
| 942 |
_cMON _2ddc |
||
| 999 |
_c3156 _d3156 |
||